Propuesta de diseño de anteproyecto arquitectónico de un Centro Cultural Comunitario con un enfoque bioclimático en el Barrio Altagracia, Managua

La investigación enfatiza el propósito de contribuir al desarrollo del equipamiento urbano de la ciudad de Managua, así como el desarrollo cultural de la población mediante la proyección de un centro comunitario. Pretende aportar de manera académica un enfoque alternativo de una propuesta de u...

Full description

Bibliographic Details
Main Author: Flores Palma, Laura Elena
Other Authors: Tutor: Mayorga Navarro, Eduardo José
Format: Tesis Section = Libro
Language:Undetermined
Spanish
Published: Managua UNI 2016
Subjects:
LEADER 01432nam a2200277Ia 4500
008 240830s9999 xx 000 0 und d
040 |a BIBLIOTECA-RUSB/ Mon 720.47 F634 
041 |a spa 
082 |a Mon 720.47 F634 
100 1 |a Flores Palma, Laura Elena 
245 1 0 |a Propuesta de diseño de anteproyecto arquitectónico de un Centro Cultural Comunitario con un enfoque bioclimático en el Barrio Altagracia, Managua 
260 |a Managua  |b UNI  |c 2016 
300 |a 129 p. :il. 
500 |a Contiene: anexos e Incluye: CD. 
502 |a Tesis (Arquitecto) - UNI, 2016. 
520 3 |a La investigación enfatiza el propósito de contribuir al desarrollo del equipamiento urbano de la ciudad de Managua, así como el desarrollo cultural de la población mediante la proyección de un centro comunitario. Pretende aportar de manera académica un enfoque alternativo de una propuesta de un diseño arquitectónico con enfoque bioclimático de un Centro Cultural Comunitario, ubicado en el barrio Altagracia en la ciudad de Managua. 
650 7 |a ARQUITECTURA Y MEDIO AMBIENTE 
650 7 |b  ARQUITECTURA-BIOCLIMATICA 
650 7 |c  DISEÑO ARQUITECTONICO 
650 7 |d  ARQUITECTURA AUTOSOSTENIBLE 
650 7 |e  DISEÑO DE ESTRUCTURAS 
650 7 |f  PATRIMONIOS CULTURALES-NICARAGUA-DISEÑO Y CONSTRUCCION 
700 1 |a Tutor:  |b Mayorga Navarro, Eduardo José 
942 |c BK  |2 ddc 
991 |a TESIS 
999 |c 21126